00645cam a2200229 a 450000100070000000500170000700800410002401000170006502000280008204000180011004100080012804300120013608000190014808200230016710000070019010100080019724500850020550400510029090600450034194200120038699900170039865205920171218084358.0940330s1995 nyua b 001 0 eng  a 94013648  a0195058836 (alk. paper) aDLCcDLCdDLC aeng an-us--- a305.40973 SHAL00a305.40973 SHAL220 a50 aSOC00aWomen's realities, women's choices :cHunter College Women's Studies Collective. aIncludes bibliographical references and index. a7bcbccorignewd1eocipf19gy-gencatlg 2ddccBK c39114d39114